000 00787nam a22001457a 4500
999 _c532852
_d532852
008 260323b ||||| |||| 00| 0 eng d
100 _aBanerjee, Swapna M.
_959846
245 _aConcubinage, race, and law in early colonial Bengal: Bequeathing intimacy, servicing the empire
260 _aThe Indian Economic and Social History Review
300 _a62(4), Oct-Dec, 2025: p.525-527
520 _aRuchika Sharma, (London and New York: Routledge, 2023), 208 pp.- Reproduced https://journals.sagepub.com/doi/full/10.1177/00194646251370530?_gl=1*6grc8v*_up*MQ..*_ga*NjYzMzA2NDEyLjE3NzQyNTk1MTg.*_ga_60R758KFDG*czE3NzQyNTk1MTgkbzEkZzEkdDE3NzQyNTk1MzQkajQ0JGwwJGgzNzA1ODI3Mg..
773 _aThe Indian Economic and Social History Review
906 _aBOOK REVIEW
942 _cAR